000 00437nam a2200181Ia 4500
005 20230710113142.0
008 131103s9999 xx 000 0 und d
040 _aLoreto College
041 _aEnglish
082 _aF
_bGAL
100 _aGalsworthy,John
245 4 _aThe forsyte saga
_cJohn Galsworthy
260 _aLondon
_bHeinemann
_c1922
300 _a783 p.
650 _aFiction in English
850 _aLCLIB
942 _cBK
999 _c14393
_d64872